000 00885nam a22002537a 4500
999 _c21157
_d21157
003 AR-CdUCM
008 190226b ||||| |||| 00| 0 spa d
020 _a9786124644740
040 _aMUNICIPALIDAD PROVINCIAL DEL CUSCO
_cBIBLIOTECA MUNICIPAL DEL CUSCO
082 _a869.56 / B73E
_bB73E
100 _aBonet Rodriguez, Hugo
_94683
245 _aEl bronce no agoniza /
_cBonet Rodriguez, Hugo
260 _aCusco
_bJL,
_c2018.
300 _a362 paginas ;
_bilustraciones,
_c23 cm.
505 _aContenido: El bronce no agoniza -- Los chanchos de Pancho Pizarro -- Qosqo: cruz, hoz y martillo -- Guamán Poma de Ayala ...
650 _aTeatro experimental
_94978
650 _aUniversitario
_92406
650 _aDramaturgia
_944189
650 _aTeatro
_944190
650 _aLiteratura cusqueña
_944191
650 _aCusco Perú
_944192
942 _2ddc
_cLIBROS
945 _aRoel